| 000 | 00734nam a2200181 4500 | ||
|---|---|---|---|
| 001 | 132822 | ||
| 003 | ES-MaACL | ||
| 005 | 20230906194246.0 | ||
| 007 | t| | ||
| 008 | 070214s1946 sp r ||||1| spa d | ||
| 100 | 1 |
_aRosal, Juan del. _999636 |
|
| 245 | 1 | 0 |
_aCriminalidad en el mundo actual / _cpor Juan del Rosal. |
| 260 |
_aValladolid : _b[s. n., _c1946] |
||
| 300 |
_a12 p. ; _c29 cm. |
||
| 500 | _aPrecede al título: Universidad de Valladolid, Colegio Mayor Universitario de Felipe II ------ Es separata de: `Santa Cruz` : revista del Colegio Mayor Universitario de Felipe II, nº 2 (1946) | ||
| 710 | 2 |
_aUniversidad de Valladolid. _bColegio Mayor Universitario de Felipe II. _97338 |
|
| 852 |
_aES-MaACL _j1612-F-22 _bR.22299 |
||
| 999 |
_c132822 _d132822 |
||